Quizzes
Events
Quiz Creation
Community
Videos
Private Events
Remove Ads
Sign In
Join for FREE
Feedback
Dark Mode
Quiz Categories
Sports
Geography
Music
Movies
Television
Just For Fun
Miscellaneous
History
Literature
Language
Science
Gaming
Entertainment
Religion
Holiday
For Kids
Quiz Lab
Recent
Popular Today
Quiz Kudos Today
Editor Picks
Curator Picks
Quizzes by...
Day
Popularity
Type
Ratings
Length
Year
Community
Subscriptions
Recent Discussions
Orange Saloon
Badges
Playlists
Quests
Create
Leaderboards
Showdown
Live 5
Trivia Bingo
Activity
Puzzle Library
Sporcle Events
Private Events
Virtual Trivia
Globe League
Become a Host
Pub Owners
SporcleCon
Opinionation
Our Games
Videos
Blog
Mobile Apps
Partnerships
Remove Ads and Go Orange
Feedback
Movies
Disney
Marvel Cinematic Universe
Movie Resume
Movie Titles
Oscar
Actor
Actress
Director
Pixar
Role
Movie Quotes
Movie Characters
Box Office
Nominee
Best Picture
Star Wars
James Bond
Horror Movies
Movies
Disney
Marvel Cinematic Universe
Movie Resume
Movie Titles
Oscar
Actor
Actress
Director
Pixar
Role
Movie Quotes
Movie Characters
Box Office
Nominee
Best Picture
Star Wars
James Bond
Horror Movies
Random Quiz
Search Sporcle
×
Quiz Lab
Quiz Lab
Movies
Quote
Type in answers that appear in a list
Type in answers that appear in a list
Classic
Best Score? Go Orange.
Lord of the Rings Quotes? Stats
Can you name the Lord of the Rings Quotes?
By
Harry1694
12m
45 Questions
363 Plays
363 Plays
363 Plays
Comments
Comments
Give Quiz Kudos
Give Quiz Kudos
-
- Ratings
hide this ad
Forced Order
Answers have to be entered in order
Answers have to be entered in order
Replay
Link that replays current quiz
Next Quiz
Link to next quiz in quiz playlist
You Got
0%
They Got
Avg Score
72%
Avg Friend Score
Upgrade to see
Score Distribution
Jump to the score distribution portion of the page
Score
0/45
Timer
12:00
0
Plays Today
Quote
Character
% Correct
YOU SHALL NOT PASS!!
Gandalf the Grey
99.7%
Tomatoes, sausages, nice crispy bacon.
Meriadoc Brandybuck
92.8%
Taters? What's taters, precious?
Gollum
92.8%
Legolas! Two already!
Gimli
92.8%
Shall I describe it to you, or would you like me to find you a box?
Legolas
92.3%
Bring your pretty face to my axe!
Gimli
89%
Send 'em to me! C'mon!
Gimli
88.4%
PO-
TA-
TOES. Boil 'em, mash 'em, stick 'em in a stew.
Samwise Gamgee
87.3%
I'm sorry uncle, I'm afraid I lost it.
Frodo Baggins
87.3%
Let's get another one!
Peregrin Took
87.1%
They have a cave troll!
Boromir
86.2%
AAH! I'll have no pointy ear outscoring me!
Gimli
86%
This is it. If I take one more step, it'll be the farthest away from home I've ever been.
Samwise Gamgee
86%
Don't you know what you sound like?
Samwise Gamgee
83.7%
*Kicks decapitated orc head* AAAAARRRGGGHHHH!!!
Aragorn
83.2%
Men? Men are weak.
Elrond
82.9%
Put it out you fools, put it out!
Frodo Baggins
82.6%
Their pace has quickened. They must have caught our scent!
Aragorn
82.4%
You'll have to send us home tied up in a sack to stop us!
Meriadoc Brandybuck
79.9%
As light as a feather, and as hard as dragon scale.
Bilbo Baggins
79.9%
I have the eyes of a hawk and the ears of a fox.
Gimli
78.8%
Just tea, thank you.
Gandalf the Grey
76.9%
Stray but a little and you will fail, to the ruin of all.
Galadriel
74.7%
Quote
Character
% Correct
ABANDON YOUR POSTS! FLEE, FLEE FOR YOUR LIVES!
Lord Denethor
74.1%
1296. Very good year!
Bilbo Baggins
73.8%
My men tell me you are orc spies.
Faramir
71.3%
I always like going South.
Treebeard
70.8%
*CLANG* *CLANG* I think I'm getting the hang of this!
Samwise Gamgee
70.8%
We come to it at last, the great battle of our time.
Gandalf the White
70.5%
Saruman's arm will have grown long indeed if he thinks he can reach us here.
King Theoden
68.9%
Breathe the free air again, my friend.
Gandalf the White
66.9%
What other duties would you have me do my lord?
Eowyn
66.7%
TO THE KIIING!!
Eomer
65.3%
Whom do you serve?
Saruman
64.5%
You cannot hide...
Sauron
64.2%
Oh you're probably right, as usual.
Bilbo Baggins
63.6%
BOORARUM.
Treebeard
59.5%
I will break him...
Witch King
51.8%
Release us! You gave us your word!
King of the Dead
46.6%
Every path you have trod, through wilderness through war, has led to this road.
Elrond
46%
GET OUT OF MY WAAAY!!
Grima Wormtongue
43%
The scum tried to knife me! Kill him!
Shagrat
36.1%
Too few have come. We cannot defeat the armies of Mordor.
Gamling
35%
I'm gonna bleed you like a stuck pig!
Gorbag
35%
Squeal! Call for help! No ones gonna save you now!
Grishnakh
27.3%
Quiz Playlist
Details
Report
Send in Message
Add To Playlist
Classic:
Type in answers that appear in a list
Forced Order:
Answers have to be entered in order
Last Updated: Feb 16, 2017
Quiz Scoreboard
CHALLENGE
Sign Up to Join the Scoreboard
Show All
Scores
Hide
Comments
May contain spoilers
Recently Published
Billboard Blitz: Fleetwood Mac
by CooCooCachoo
Music
15s
Presidents Visiting Landmarks
by Hejman
History
7m
An Introduction to Baseball
by treessimontrees
Sports
5m
More to Explore
Quiz From the Vault
Featured Blog Post
Where Did the Easter Bunny Come From?
hide this ad
You Might Also Like...
Tags
Quote Quiz
Character
lord
Ring
Rings Quotes
Today's Top Quizzes in Movies
Browse Movies
hide this ad
Today's Top Quizzes in Quote
Browse Quote
Top Contributed Quizzes in Movies
1
Pick 5 Posters: Directed by Spielberg
2
7-to-1: Pixar Characters
3
Pick 5 Posters: Lowest-Rated Spielberg
4
Pick 5 Posters: Directed by Scorsese
5
Sorting Actors
6
Sorting Actresses
7
Pick 5 Posters: Star & Director
8
Pick 5 Posters: Women Directed 2020s
9
12 Movies about Fictional 1960s Events
10
Multi-Oscar Nominations, One Movie, One Winner
Explore More
Trending Topics
Marvel
Crossword
NBA
Harry Potter
Kpop
Disney
Anime
NFL
Country
Song
Soccer
Pokémon
The Office
WWE
Puzzle
hide this ad
More By:
Harry1694
Quiz
Plays
Rating
Category
Featured
Created
Lord of the Rings Quotes?
363
3.40
Movies
Dec 19, 2010
Monster Hunter Colour Variations
279
2.00
Gaming
Mar 25, 2010
RuneScape Summoning Familiars
66
4.33
Gaming
Dec 12, 2010
Kingdoms in The Elenium
56
Literature
Mar 25, 2010
Team Fortress 2 Hats
33
3.00
Gaming
Oct 24, 2010
Go to Creator's Profile
Score Distribution
Quiz Creator Spotlight
Harry1694
Follow
Send a Message
Quizzes Created
-
Created Quiz Play Count
-
More By This Creator
Popular Quizzes Today
1
Find the US States - No Outlines Minefield
2
Find the Countries of Europe - No Outlines Minefield
3
The Countries of the World
4
Find the US States
5
US States
6
Popular People in 1961
7
Risky Map Clicking: Biggest States A-Z
8
Movies - When Are They Set?
More Movies Quizzes
Movie Posters VII
Published
Trending Quizzes
Risky Map Clicking: Least Populous States A-Z
1-10 Letter G Words
1-10 Letter F Words
Risky Map Clicking: Next State Alphabetically
Risky Map Clicking: Biggest States A-Z
Recently Updated
Leaping Animals
pecheneg
Reality TV Shows (A-Z)
bhenderson79
Rickey Henderson's Hall of Fame Teammates
pecheneg
Champions League XIs: Arsenal
pecheneg
Quick Pick: Celebrities in WWE's Hall of Fame
aduchscher
A-Z Keypad Blitz II
pecheneg
Multiple Oscar Actors
pecheneg
Mystery Phrase Blitz: Oscar 'Best Actors'
pecheneg
F. Scott Fitzgerald Novels
LTH
Pick 3 Villains
ddd62291
Trending Topics
Harry Potter
Crossword
Kpop
Disney
NBA
Anime
Marvel
Song
WWE
Pokémon
Soccer
Country
The Office
NFL
Puzzle
Your Account Isn't Verified!
In order to create a playlist on Sporcle, you need to verify the email address you used during registration. Go to your
Sporcle Settings
to finish the process.
Report this User
Report this user for behavior that violates our
Community Guidelines
.
Details:
Send Report
Go to the Sporcle.com Mobile Site →
Comments